[Event "Wroclaw op-B"]
[Site "Wroclaw"]
[Date "2024.08.14"]
[Round "9"]
[White "Kaluszynski, Andrzej"]
[Black "Nagly, Krzysztof"]
[Result "0-1"]
[WhiteElo "1763"]
[BlackElo "1889"]
[PlyCount "151"]
[EventDate "2024.08.08"]
[EventType "swiss"]
[EventRounds "9"]
[EventCountry "POL"]
[SourceTitle "EXT 2025"]
[Source "ChessBase"]
[SourceDate "2024.10.14"]
[SourceVersion "1"]
[SourceVersionDate "2024.10.14"]
[SourceQuality "1"]

1. c4 c5 2. g3 Nc6 3. Bg2 e5 4. d3 Nf6 5. Nc3 Be7 6. e3 0-0 7. Nge2 d6 8. 0-0 Be6 9. Nd5 Qd7 10. Re1 Bh3 11. Bh1 Nxd5 12. Bxd5 Nb4 13. Bf3 Rab8 14. Nc3 f5 15. Nd5 Nxd5 16. Bxd5+ Kh8 17. Bg2 Bg4 18. f3 Bh5 19. Qc2 Rbe8 20. Bd2 Bg6 21. Bc3 Bg5 22. Rad1 f4 23. gxf4 exf4 24. e4 Bf6 25. d4 Qc6 26. b3 a6 27. Qb2 b5 28. dxc5 dxc5 29. cxb5 axb5 30. Bh3 Bh5 31. Bd7 Bxc3 32. Bxc6 Bxb2 33. Bxe8 Rxe8 34. Kg2 Bd4 35. b4 Bc3 36. Re2 Bxb4 37. Rd5 Bf7 38. Rf5 Bc4 39. Rb2 h6 40. Rxf4 Re5 41. Rg4 h5 42. Rg6 Kh7 43. Rc6 Rg5+ 44. Kh1 Bc3 45. Rg2 Rxg2 46. Kxg2 Bxa2 47. Rxc5 b4 48. e5 b3 49. e6 Bf6 50. Rb5 Kg6 51. f4 b2 52. f5+ Kg5 53. e7 Bf7 54. Kg3 Be5+ 55. Kf3 Kxf5 56. Rb6 g5 57. h3 Bf6 58. Ke3 Kg6 59. Ke4 Kg7 60. Kf5 Bxe7 61. Rxb2 Bg6+ 62. Ke6 Bc5 63. Rb7+ Kh6 64. Ke5 Be3 65. Rb4 Bf4+ 66. Kf6 Bd2 67. Rc4 Bd3 68. Rc8 g4 69. hxg4 Bg5+ 70. Ke5 hxg4 71. Kd4 Bh7 72. Rc6+ Kh5 73. Rc7 Bg6 74. Rc8 g3 75. Ke5 g2 76. Kd4 0-1

[Event "Wroclaw op-B"]
[Site "Wroclaw"]
[Date "2024.08.11"]
[Round "5"]
[White "Kaluszynski, Andrzej"]
[Black "Rychlik, Michal"]
[Result "1-0"]
[WhiteElo "1763"]
[BlackElo "1847"]
[PlyCount "123"]
[EventDate "2024.08.08"]
[EventType "swiss"]
[EventRounds "9"]
[EventCountry "POL"]
[SourceTitle "EXT 2025"]
[Source "ChessBase"]
[SourceDate "2024.10.14"]
[SourceVersion "1"]
[SourceVersionDate "2024.10.14"]
[SourceQuality "1"]

1. c4 g6 2. g3 Bg7 3. Bg2 Nf6 4. Nf3 0-0 5. 0-0 d6 6. Nc3 c6 7. d4 Nbd7 8. b3 e5 9. dxe5 dxe5 10. e4 Qe7 11. Qe2 Re8 12. h3 Nf8 13. Be3 N6d7 14. Qc2 Ne6 15. Rad1 a5 16. Rd2 Ndc5 17. Rfd1 Rf8 18. h4 f5 19. exf5 gxf5 20. Ng5 h6 21. Nxe6 Nxe6 22. Bb6 Ra6 23. Na4 e4 24. Bh3 Qf7 25. Bc5 Nxc5 26. Nxc5 Ra8 27. Nd7 Re8 28. Nb6 Rb8 29. Nxc8 Rexc8 30. Rd7 Qf6 31. R1d6 Qa1+ 32. Kg2 Rf8 33. Rg6 Rf7 34. Rxf7 Kxf7 35. Bxf5 Re8 36. Bxe4 Rd8 37. Bf3 Qe5 38. Rg4 Qb2 39. Qh7 Rd2 40. Rf4+ Ke7 41. Bh5 Kd6 42. Be8 Bd4 43. Qxh6+ Kc7 44. Qf8 Kb6 45. h5 Rd1 46. Bg6 Qa1 47. b4 Rg1+ 48. Kh3 Qf1+ 49. Kg4 Qe2+ 50. f3 Qe6+ 51. Qf5 Qxf5+ 52. Kxf5 Be3 53. bxa5+ Kxa5 54. Re4 Bh6 55. g4 Kb4 56. Bf7 Rd1 57. g5 Bf8 58. Re8 Bc5 59. g6 Rf1 60. f4 Bd4 61. h6 Rh1 62. g7 1-0

[Event "Lublin Chmielewski Memorial"]
[Site "Lublin"]
[Date "2013.12.29"]
[Round "4"]
[White "Modrzejewski, Tymoteusz"]
[Black "Kaluszynski, Andrzej"]
[Result "0-1"]
[WhiteElo "1456"]
[BlackElo "1824"]
[PlyCount "35"]
[EventDate "2013.12.27"]
[EventType "swiss"]
[EventRounds "7"]
[EventCountry "POL"]
[SourceTitle "CBM 158 Extra"]
[Source "ChessBase"]
[SourceDate "2014.02.28"]
[SourceVersion "1"]
[SourceVersionDate "2014.02.28"]
[SourceQuality "1"]

1. e4 e5 2. f4 d5 3. exd5 e4 4. Bc4 Nf6 5. h3 Bc5 6. Qe2 0-0 7. Nc3 c6 8. dxc6 Nxc6 9. Qd1 Qd4 10. Qe2 Nb4 11. Kd1 Bd7 12. a3 Nbd5 13. Nxd5 Nxd5 14. Bxd5 Qxd5 15. c4 Qd4 16. h4 Rfe8 17. Nh3 e3 18. Rf1 0-1

[Event "Lublin Zukertort Memorial 5th"]
[Site "Lublin"]
[Date "2013.06.??"]
[Round "6"]
[White "Kaluszynski, Andrzej"]
[Black "Fiala, Lukasz"]
[Result "1-0"]
[WhiteElo "1850"]
[BlackElo "1603"]
[PlyCount "61"]
[EventDate "2013.06.24"]
[EventType "swiss"]
[EventRounds "9"]
[EventCountry "POL"]
[SourceTitle "EXT 2014"]
[Source "ChessBase"]
[SourceDate "2013.11.20"]
[SourceVersion "1"]
[SourceVersionDate "2013.11.20"]
[SourceQuality "1"]

1. c4 Nf6 2. Nf3 g6 3. Nc3 Bg7 4. e4 d6 5. d4 0-0 6. Be2 Na6 7. h3 e5 8. dxe5 dxe5 9. Be3 Qxd1+ 10. Rxd1 Nb4 11. Bc5 Nc2+ 12. Kd2 Nd4 13. Bxf8 Kxf8 14. Ke1 Nh5 15. g3 Be6 16. b3 c6 17. Kf1 Nf6 18. Nxe5 Nxe2 19. Kxe2 Nh5 20. Nd7+ Ke7 21. Nc5 Bxc3 22. Nxb7 Bb4 23. a3 Bxa3 24. Na5 Rc8 25. Ra1 Bb4 26. Ra4 c5 27. Nb7 Rc7 28. Na5 Nf6 29. Ke3 Nh5 30. g4 Ng7 31. Rd1 1-0

[Event "Lublin Zukertort Memorial 5th"]
[Site "Lublin"]
[Date "2013.06.??"]
[Round "3"]
[White "Kaluszynski, Andrzej"]
[Black "Wojciechowski, Adam"]
[Result "0-1"]
[WhiteElo "1850"]
[BlackElo "2143"]
[PlyCount "82"]
[EventDate "2013.06.24"]
[EventType "swiss"]
[EventRounds "9"]
[EventCountry "POL"]
[SourceTitle "EXT 2014"]
[Source "ChessBase"]
[SourceDate "2013.11.20"]
[SourceVersion "1"]
[SourceVersionDate "2013.11.20"]
[SourceQuality "1"]

1. c4 Nf6 2. Nc3 g6 3. Nf3 Bg7 4. d4 d5 5. cxd5 Nxd5 6. e4 Nxc3 7. bxc3 c5 8. Bb5+ Bd7 9. Bxd7+ Nxd7 10. 0-0 0-0 11. Rb1 b6 12. Be3 Rc8 13. Qa4 cxd4 14. cxd4 Qc7 15. e5 Qb7 16. Rbc1 a6 17. Qa3 e6 18. Qe7 Nc5 19. Qh4 Ne4 20. Nd2 Nxd2 21. Bxd2 b5 22. Qg3 b4 23. Qb3 a5 24. a3 Rxc1 25. Rxc1 Rb8 26. axb4 axb4 27. Kf1 Bf8 28. f3 Qe7 29. Rb1 Qh4 30. f4 Qxh2 31. Qc2 Be7 32. Rb3 Qh1+ 33. Kf2 Bh4+ 34. Kf3 Qh2 35. Be3 Be1 36. Bf2 Qh5+ 37. Ke3 Bc3 38. Qb1 Rd8 39. Rxb4 Bxb4 40. Qxb4 Qd1 41. Ke4 Qe2+ 0-1

[Event "Lublin Zukertort Memorial 5th"]
[Site "Lublin"]
[Date "2013.06.??"]
[Round "5"]
[White "Starczewski, Dominik"]
[Black "Kaluszynski, Andrzej"]
[Result "1-0"]
[WhiteElo "1585"]
[BlackElo "1850"]
[PlyCount "57"]
[EventDate "2013.06.24"]
[EventType "swiss"]
[EventRounds "9"]
[EventCountry "POL"]
[SourceTitle "EXT 2014"]
[Source "ChessBase"]
[SourceDate "2013.11.20"]
[SourceVersion "1"]
[SourceVersionDate "2013.11.20"]
[SourceQuality "1"]

1. d4 Nf6 2. c4 e6 3. g3 d5 4. Nf3 Be7 5. Bg2 0-0 6. 0-0 dxc4 7. Qc2 Nbd7 8. Qxc4 c6 9. Nbd2 Nb6 10. Qc2 Qd6 11. e4 Qc7 12. Nb3 Na4 13. Bf4 Qd8 14. Rfd1 Bd7 15. Nc5 Nxc5 16. dxc5 Qa5 17. Bd6 Rfe8 18. a3 Bxd6 19. b4 Qc7 20. cxd6 Qb6 21. Ne5 Rec8 22. Qc5 Qd8 23. Nc4 h6 24. Qd4 Qe8 25. Rac1 Kf8 26. Na5 b6 27. Nc4 Rab8 28. Ne5 Qd8 29. Bf1 1-0

[Event "Lublin Gerlecka Memorial 2nd"]
[Site "Lublin"]
[Date "2012.08.07"]
[Round "1.9"]
[White "Czerw, Dawid"]
[Black "Kaluszynski, Andrzej"]
[Result "1-0"]
[WhiteElo "1880"]
[BlackElo "1725"]
[PlyCount "54"]
[EventDate "2012.08.07"]
[EventType "swiss"]
[EventRounds "9"]
[EventCountry "POL"]
[SourceTitle "EXT 2023"]
[Source "ChessBase"]
[SourceDate "2022.10.05"]
[SourceVersion "1"]
[SourceVersionDate "2022.10.05"]
[SourceQuality "1"]

1. d4 Nf6 2. c4 e6 3. Nc3 d5 4. cxd5 exd5 5. Bg5 Be7 6. e3 h6 7. Bh4 0-0 8. Bd3 c6 9. Nge2 b6 10. 0-0 Nbd7 11. f3 Re8 12. Bf2 Nf8 13. Qc2 c5 14. dxc5 bxc5 15. Bb5 Bd7 16. Bxd7 Qxd7 17. Rfd1 Qb7 18. Rac1 Ne6 19. Ng3 g6 20. e4 d4 21. Na4 Nd7 22. b3 Bg5 23. Rb1 Rac8 24. Ne2 Ne5 25. Nb2 Qa6 26. Bg3 Nc6 27. a3 Be7 1-0